000 00417cam a2200157ua 4500
001 10319
008 180326n ii |||gr||||Z||||||eng
040 _cMAIN
082 _a155.4
100 _aPandit, Balakrishna S.,
_eAuthor.
245 _aChild psychology
_cBy Balakrishna S. Pandit
260 _aDelhi:
_bSBD publishers,
_c2010.
300 _a346p.
653 _aDifferential & developmental psychology
942 _cBK
999 _c9314
_d9314